| 000 | 00460nam a2200193Ia 4500 | ||
|---|---|---|---|
| 008 | 180207s9999 xx 000 0 und d | ||
| 020 | _a9781842399132 | ||
| 050 | _bC777 2006 | ||
| 100 | _aCooper, John | ||
| 245 | _aDinosaurs / | ||
| 245 | _cby John Cooper. | ||
| 260 | _aLondon : | ||
| 260 | _bAlligator Books Limited, | ||
| 260 | _c2006 | ||
| 300 | _a32 pages : | ||
| 300 | _bchiefly colored ; | ||
| 300 | _c28cm. | ||
| 440 | _aKnowledge masters. | ||
| 999 |
_c355681 _d355681 |
||